| 000 | 01014nam a2200217 a 4500 | ||
|---|---|---|---|
| 001 | 000036118 | ||
| 005 | 20200930074907.0 | ||
| 008 | 111214s2007 mx ac 000 0 spa d | ||
| 020 | _a9789684182974 | ||
| 040 |
_aDO-SdBNP _bspa _cBNPHU |
||
| 082 |
_aR 036 _bG748 |
||
| 245 | 0 | 0 |
_aGran enciclopedia Time Life / _cdirección editorial Bettina Cositorto. |
| 260 |
_aMexíco, D.F. : _bEdiciones Culturales Internacionales, _c2007. |
||
| 300 |
_av. : _bil., retrs. ; _c28 cm. |
||
| 500 | _aLa biblioteca posee los volumenes 10, 11 y 12 | ||
| 505 | 0 |
_gv. 10 - _tBiografías universales: grandes forjadores de la historia de la humanidad: Aalto-García Lorca: _gV.11 - _tBiografías universales: grandes forjadores de la historia de la humanidad: García Márquez-Paganini _gv.12 - _tBiografías universales: grandes forjadores de la historia de la humanidad : Paine-Zweig |
|
| 700 | 1 | 2 |
_aCositorto, Bettina, _eed. _952995 |
| 740 | 2 | _aBiografías universales | |
| 910 | _aValidado. Control de calidad MFF | ||
| 049 | _aBNPD | ||
| 999 |
_c35609 _d35609 |
||